Anime Main Characters - Statistics

General Stats
  • This quiz has been taken 113 times
    111 since last reset
  • The average score is 30 of 54
Answer Stats
Main Character Anime % Correct
Light Yagami Death Note
97%
Monkey D. Luffy One piece
97%
Son Goku Dragon Ball
93%
Yuji Itadori Jujutsu Kaisen
93%
Naruto Uzumaki Naruto
91%
Eren Jaeger Attack on Titan
90%
Saitama One Punch Man
89%
Ichigo Kurosaki Bleach
88%
Izuku Midoriya My hero Academia
88%
Ken Kaneki Tokyo ghoul
88%
Kamado Tanjiro Demon Slayer
87%
Gon Freecss Hunter x Hunter
85%
Ash Ketchum Pokemon
83%
Baki Hanma Baki
82%
Asta Black Clover
82%
Edward Elric Fullmetal Alchemist
81%
Meliodas The seven deadly sins
81%
Lelouche Lamperouge Code Geass
75%
Shoyo Hinata Haikyu!!
74%
Thorfinn Vinland Saga
72%
Natsu Dragneel Fairy Tail
71%
Gintoki Sakata Gintama
67%
Senku Ishigami Dr. Stone
66%
Emma The Promised Neverland
64%
Natsuki Subaru Re:Zero
60%
Spike Spiegel Cowboy Bebop
54%
Nana Osaki Nana
54%
Takemichi Hanagaki Tokyo Revengers
54%
Shinra Kusakabe Fire Force
53%
Yato Noragami
49%
Ciel Phantomhive Black Butler
45%
Shinji Ikari Neon Genesis Evangelion
44%
Kazuto Kirigaya Sword Art Online
43%
Yami Yugi Yu-Gi-Oh!
42%
Kageyama Shigeo Mob Psycho 100
40%
Rintaro Okabe Steins;Gate
40%
Yumeko Jabami Kakegurui
39%
Wakana Gojo My Dress-Up Darling
39%
Mai Sakurajima Bunny Girl Senpai
38%
Ainz Ooal Gown Overlord
36%
Kaori Miyazono Your Lie in April
33%
Maka Albarn Soul Eater
30%
Miyuki Shirogane Love is War
28%
Ryuko Matoi Kill la Kill
24%
Hyakkimaru Dororo
22%
Simon Gurren Lagann
22%
Ash Linx Banana Fish
21%
Shinichi Kudo Detective Conan
19%
Ryuuji Takasu Toradora
17%
Akira Fudo Devilman Crybaby
11%
Hiro Darling in the Franxx
9%
Mikado Ryuugamine Durarara!!
9%
Shinichi Izumi Kiseiju
7%
Nene Yashiro Hanako Kun
4%
No matching quizzes found
Score Distribution
Percent of People with Each Score
Percentile by Number Answered
Your Score History
You have not taken this quiz since the last reset